Democratic theory: essays in retrieval (Record no. 348430)

000 -LEADER
fixed length control field 00332cam a22001217a 4500
008 - FIXED-LENGTH DATA ELEMENTS--GENERAL INFORMATION
fixed length control field 180718b1973 xxu||||| |||| 00| 0 eng d
082 ## - DEWEY DECIMAL CLASSIFICATION NUMBER
Classification number M253 M241
100 ## - MAIN ENTRY--PERSONAL NAME
Personal name Macpherson, C.B.
245 ## - TITLE STATEMENT
Title Democratic theory: essays in retrieval
Statement of responsibility, etc. by C.B. Macpherson
260 ## - PUBLICATION, DISTRIBUTION, ETC.
Place of publication, distribution, etc. Oxford
Name of publisher, distributor, etc. Clarendon
Date of publication, distribution, etc. 1973
300 ## - PHYSICAL DESCRIPTION
Extent 255p.
650 ## - SUBJECT ADDED ENTRY--TOPICAL TERM
Topical term or geographic name entry element Democracy.
Holdings
Withdrawn status Lost status Damaged status Not for loan Permanent Location Current Location Date acquired Full call number Barcode Date last seen Price effective from Koha item type
        Indian Institute of Public Administration Indian Institute of Public Administration 1993-10-25 M253 M241 48223 2018-07-21 2018-07-21 Book

Powered by Koha